000 01346cam a22002411a 4500
001 he 67001691
003 DLC
005 20260227111449.0
008 851119s1966 is 000 0 heb
010 _ahe 67001691
025 _aPL480:Is-4116
035 _a(OCoLC)12819519
040 _aDLC
_cWaU
_dWaU
_dDLC
042 _apremarc
050 0 0 _aPJ5053.S29
_bB4
100 1 _aSadan, Dov,
_d1902-1989.
245 1 0 _aBe-tsetekha uve-oholekha :
_bminyan ḥeḳeri-sifrut /
_cDov Sadan.
260 _a[Tel-Aviv] :
_bAgudat ha-Sofrim be-Yiśraʼel li-Yad Hotsaʼat Masadah,
_c[1966]
300 _a147 p. ;
_c23 cm.
440 0 _aSifriyat maḳor
500 _a"Pirsumetim teḥilah, bi-maṭbeaʻ ḳetsar ... bi-ʻitunim uvi-kitve-et ('Davar,' 'Zemanim,' 'ha-Poʻel ha-Tsaʻir,' 'Maḥberut li-Sifrut,' 'Molad,' 'Tsuḳunfṭ'), ve-ʻatah ani miparsemem bi-maṭbeaʻ arokh."
505 0 _aBe-tsetekha uve-oholekha; li-toladot sismah ve-shuvarah -- Bi-kolim / Sheʼolim -- Sham erets moledet -- Gilgulo shel gilgul; pizmon ve-shoreshav -- ʻAl im ha-derekh; li-derekho shel shir-ʻam ve-sheluḥotav -- Otsaro shel ʻolam; li-rishumah shel imeret ʻam -- ʻAl ḥatsatsim; temunah, ve-saʻifih -- Medanim bayn aḥim; bayn shirah, masoret ve-sipur -- Kohen ve-Elohav; derekh mashal ve-shevilav -- Le-śo ḥayiti; le-ḥeshbon nefsho shel dor.
999 _c32609
_d32609